| 000 | 01221nam a2200241 4500 | ||
|---|---|---|---|
| 999 |
_c121104 _d121104 |
||
| 001 | K121104 | ||
| 007 | ta | ||
| 008 | 190823b2019 ||||| |||| 00| 0 eng d | ||
| 041 | _aeng | ||
| 100 | _aDavies, Helena | ||
| 245 | _aLandlord’s works liability remedies and risk. | ||
| 490 |
_aEstates Gazette _v(1931) 3 August 2019, 52-53(2) |
||
| 520 | _aReviews landlord responsibility for safety of buildings in the light of Grenfell and other high-profile cases These include Blue Manchester Ltd v North West Grounds Rents Ltd [2019] EWHC 142 (TCC) concerning stability and aesthetics of its fully glazed external elevations,“Firstport Property Services Ltd v. Various leaseholders of Citiscape LON/OOAH.LSC/2017/0435 replacement cladding and Timothy Taylor Ltd v Mayfair House Corporation [2016] EWHC 1075 (Ch) just disturbance to tenants.. | ||
| 650 | _aGrenfell | ||
| 650 | _aBlue Manchester Ltd v North West Grounds Rents Ltd | ||
| 650 | _aRepairs | ||
| 650 | _aFirstport Property Services Ltd v Various leaseholders of Citiscape | ||
| 650 | _aTimothy Taylor Ltd v Mayfair House Corporation | ||
| 651 | _aUnited Kingdom 1973 | ||
| 690 |
_96252 _aLandlord and tenant |
||
| 700 | _aLaurie, Ian | ||
| 942 | _2ddc | ||